The Malaysian economy in figures 2007.
| Corporate Author: | |
|---|---|
| Format: | Book |
| Published: |
Putrajaya:
Economic Planning Unit,Prime Minister's Department,
2007.
|
| Subjects: |
| LEADER | 00514cam a2200145 7i4500 | ||
|---|---|---|---|
| 001 | 0000021222 | ||
| 005 | 20080521090000.0 | ||
| 090 | 0 | 0 | |a STAT 310.9 |b MAL[M] |
| 110 | 2 | 0 | |a Economic Planning Unit,Prime Minister's Department |
| 245 | 2 | 0 | |a The Malaysian economy in figures 2007. |
| 260 | 0 | 0 | |a Putrajaya: |b Economic Planning Unit,Prime Minister's Department, |c 2007. |
| 300 | # | # | |a 53 p. |
| 650 | 0 | 0 | |a Economic conditions -- |x statistics -- |z Malaysia |
| 651 | 0 | 0 | |a Malaysia |
| 999 | |a 0000022251 |b Book |c Statistics |e Business Information Centre | ||